Memorias de un estómago (Record no. 167923)
[ view plain ]
| 000 -LEADER | |
|---|---|
| campo de control de longitud fija | 01037nam a22002292i 4500 |
| 001 - NÚMERO DE CONTROL | |
| campo de control | 167923 |
| 003 - IDENTIFICADOR DE NÚMERO DE CONTROL | |
| campo de control | ES-MaACL |
| 005 - FECHA Y HORA DE LA ÚLTIMA TRANSACCIÓN | |
| campo de control | 20230906213626.0 |
| 008 - DATOS DE LONGITUD FIJA--INFORMACIÓN GENERAL | |
| campo de control de longitud fija | 940711s1877 sp |||| | spa d |
| 040 ## - FUENTE DE CATALOGACIÓN | |
| Centro catalogador/agencia de origen | CAT |
| Lengua de catalogación | spa |
| Centro/agencia transcriptor | CAT |
| Centro/agencia modificador | CCPB |
| 100 1# - ENTRADA PRINCIPAL--NOMBRE DE PERSONA | |
| Nombre de persona | Whiting, Sydney ( |
| Fechas asociadas al nombre | m. 1875) |
| 9 (RLIN) | 133924 |
| 245 10 - MENCIÓN DEL TÍTULO | |
| Título | Memorias de un estómago |
| Resto del título | : escritas por él mismo en beneficio de todos los que comen y leen y editadas por un Ministro del Interior / |
| Mención de responsabilidad, etc. | traducción del inglés por el doctor C.H. Gros ; traducción española del doctor Helix. |
| 250 ## - MENCION DE EDICION | |
| Mención de edición | 2a ed., corr. y aum. |
| 260 ## - PUBLICACIÓN, DISTRIBUCIÓN, ETC. | |
| Lugar de publicación, distribución, etc. | Madrid : |
| Nombre del editor, distribuidor, etc. | Manuel Rodríguez : |
| -- | Librería de M. Sáenz García, |
| Fecha de publicación, distribución, etc. | 1877. |
| 300 ## - DESCRIPCIÓN FÍSICA | |
| Extensión | 253 p. ; |
| Dimensiones | 22 cm. |
| 594 #1 - Nota al título y mención de responsabilidad | |
| Nota al título y mención de responsabilidad | Autor obtenido de BLC y NUC: Sydney Whiting. |
| 700 0# - ENTRADA AGREGADA--NOMBRE PERSONAL | |
| Nombre de persona | Helix |
| Títulos y otros términos asociados al nombre | , doctor. |
| 9 (RLIN) | 127840 |
| 700 1# - ENTRADA AGREGADA--NOMBRE PERSONAL | |
| Nombre de persona | Gros, C.H. |
| 9 (RLIN) | 127570 |
| 852 ## - LOCALIZACIÓN | |
| Ubicación | ES-MaACL |
| Número de control de estantería | G-13032 |
| Nota libre | -- Enc. hol. |
| 852 ## - LOCALIZACIÓN | |
| Ubicación | ES-MaACL |
| Número de control de estantería | B-3517 |
| Nota libre | -- Rust. |
| -- | -- Legado M. de la Fuente |
| -- | -- Sobre el pie de imp. banderilla de: "Madrid : Cárlos Bailly-Bailliere" |
| Estatus retirado | Estado de pérdida | Estado de daño | No para préstamo | Colección | Biblioteca de origen | Biblioteca actual | Ubicación en estantería | Fecha de adquisición | Fuente de adquisición | Total de préstamos | Signatura topográfica completa | Código de barras | Visto por última vez | Precio de reemplazo | Tipo de ítem Koha |
|---|---|---|---|---|---|---|---|---|---|---|---|---|---|---|---|
| Libros del s. XIX | Biblioteca del Ateneo de Madrid | Biblioteca del Ateneo de Madrid | Sala Pardo Bazán | 17/01/2008 | B-3517 | 1176171 | 23/02/2023 | 23/02/2023 | Libro impreso antiguo | ||||||
| Libros del s. XIX | Biblioteca del Ateneo de Madrid | Biblioteca del Ateneo de Madrid | Sala Pecera Planta 3 | 17/01/2008 | G-13032 | 1176170 | 23/02/2023 | 23/02/2023 | Libro impreso antiguo |
